| Tag |
First Indicator |
Second Indicator |
Subfields |
| LEADER |
00000cam a2200000 i 4500 |
| 001 |
in00004350036 |
| 008 |
200914s2020 sz a b 001 0 eng d |
| 005 |
20250318223712.9 |
| 020 |
|
|
|a 9783030534516
|
| 020 |
|
|
|a 3030534510
|q hardcover
|
| 020 |
|
|
|z 9783030534523
|q electronic book
|
| 035 |
|
|
|a (OCoLC)on1197813975
|
| 035 |
|
|
|a (OCoLC)1197813975
|
| 040 |
|
|
|a UKMGB
|b eng
|e rda
|c UKMGB
|d OCLCO
|d BDX
|d OCLCF
|d YDX
|d UtOrBLW
|
| 050 |
|
4 |
|a PN3448.A47
|b R34 2020
|
| 082 |
0 |
4 |
|a 809.38768
|2 23
|
| 100 |
1 |
|
|a Raghunath, Riyukta,
|e author.
|
| 245 |
1 |
0 |
|a Possible worlds theory and counterfactual historical fiction /
|c Riyukta Raghunath.
|
| 264 |
|
1 |
|a Cham ;
|a Basingstoke :
|b Palgrave Macmillan,
|c 2020.
|
| 300 |
|
|
|a xv, 224 :
|b illustrations (black and white) ;
|c 22 cm
|
| 336 |
|
|
|a text
|2 rdacontent
|b txt
|
| 336 |
|
|
|a still image
|b sti
|2 rdacontent
|
| 337 |
|
|
|a unmediated
|2 rdamedia
|b n
|
| 338 |
|
|
|a volume
|2 rdacarrier
|b nc
|
| 504 |
|
|
|a Includes bibliographical references and index.
|
| 650 |
|
0 |
|a Alternative histories (Fiction)
|x History and criticism.
|
| 650 |
|
0 |
|a Possibility in literature.
|0 http://id.loc.gov/authorities/subjects/sh94008402
|
| 650 |
|
7 |
|a Alternative histories (Fiction)
|2 fast
|0 (OCoLC)fst01736708
|
| 650 |
|
7 |
|a Possibility in literature.
|2 fast
|0 (OCoLC)fst01072701
|
| 655 |
|
7 |
|a Criticism, interpretation, etc.
|2 fast
|0 (OCoLC)fst01411635
|
| 776 |
0 |
8 |
|i ebook version :
|z 9783030534523
|
| 852 |
8 |
|
|b pda,print
|z This title is available for the library to purchase for your use. Click the "Purchase It For Me" button to place a request. This item may take 5-10 business days to arrive.
|
| 955 |
|
|
|a Print PDA title
|
| 961 |
|
|
|m 565730
|
| 999 |
f |
f |
|s 43d470d5-ffc7-4e51-a45d-df5af9e8dc08
|i ab73e4fb-9fd3-3e3f-8d44-eaa42df902dc
|t 0
|
| 952 |
f |
f |
|a Texas A&M University
|b College Station
|c Sterling C. Evans Library
|d Purchase on Demand
|t 0
|e PN3448.A47 R34 2020
|h Library of Congress classification
|
| 998 |
f |
f |
|a PN3448.A47 R34 2020
|t 0
|l Purchase on Demand
|